Statistiques concernant Pays avec un ou plusieurs Q

Cliquez ici pour prendre le quiz!

Statistiques générales

  • Ce quiz a été pris 253 fois
  • Le résultat moyen est 10 sur 16

Statistiques - réponses

Nombre de Q Pays % Correct
QQatar
92%
QQRépublique démocratique du Congo
79%
QRépublique du Congo
79%
QQRépublique tchèque
78%
QRépublique dominicaine
76%
QRépublique centrafricaine
73%
QMozambique
69%
QMexique
68%
QEquateur
66%
QTurquie
62%
QBelgique
59%
QSlovaquie
57%
QDominique
53%
QAfrique du Sud
52%
QJamaïque
42%
QGuinée équatoriale
41%

Distribution des résultats

Percentile by Number Answered

% des personnes avec chaque résultat

Votre développement - résultats

Vous n’avez pas pris ce quiz